00517nam a22001457a 450000500170000000800410001702000290005804100130008708200130010010000410011324501090015426000580026330000250032165000250034620240119100632.0240119b |||||||| |||| 00| 0 eng d a0409003301 ; 040900376 x aEnglish  a349 JOU  aJoubert, WA and Scott, TJ lEnglish  aThe Law of South Africa : Railways and Harbours to Roads and Road Transport / cWA Joubert and TJ Scott  aDurban : bButterworth Publishers (Pty) Ltd, c1986  b384 pages ; e26 cm. aLegal practice bLaw